书目信息 |
| 题名: |
创造学与创造力开发
|
|
| 作者: | ;全国总工会职工技协办公室 编写 | |
| 分册: | ||
| 出版信息: | 北京 经济管理出版社 1999 |
|
| 页数: | 202页 | |
| 开本: | 19cm | |
| 丛书名: | ||
| 单 册: | ||
| 中图分类: | G305 | |
| 科图分类: | 37.203 | |
| 主题词: | 创造学 , 创造性思维 | |
| 电子资源: | ||
| ISBN: | 7-80118-828-4 | |
| 000 | 00749nam0 2200229 45 | |
| 001 | 0191032680 | |
| 005 | 20070729101136.31 | |
| 010 | @a7-80118-828-4@dCNY10.00 | |
| 100 | @a19920114d1999 em y0chiy0121 ea | |
| 101 | 0 | @achi |
| 102 | @aCN@b210000 | |
| 105 | @ay z 000yy | |
| 200 | 10 | @a创造学与创造力开发@ACHUANG ZAO XUE YU CHUANG ZAO LI KAI FA@f全国总工会职工技协办公室编写@Fquan guo zong gong hui zhi gong ji xie ban gong shi bian xie |
| 210 | @a北京@c经济管理出版社@d1999 | |
| 215 | @a202页@d19cm | |
| 606 | @a创造学 | |
| 606 | @a创造性思维 | |
| 690 | @aG305 | |
| 692 | @a37.203 | |
| 711 | 02 | @a全国总工会职工技协办公室@Aquan guo zong gong hui zhi gong ji xie ban gong shi@4编写 |
| 801 | 0 | @aCN@bTSSF@c20070729 |
| 905 | @a10447@dG305@e154 | |
| 创造学与创造力开发/全国总工会职工技协办公室编写.-北京:经济管理出版社,1999 |
| 202页;19cm |
| ISBN 7-80118-828-4:CNY10.00 |
| ● |
| 相关链接 |
|
|
|
|
正题名:创造学与创造力开发
索取号:G305/154
 
预约/预借
| 序号 | 登录号 | 条形码 | 馆藏地/架位号 | 状态 | 备注 |
| 1 | 0783922 | 207839222 | 第一样本阅览室/ [索取号:G305/154] | 在馆 |